Statistics for European football championship entrants

Click here to take the quiz!

General Stats

  • This quiz has been taken 23 times
    (6 since last reset)
  • The average score is 32 of 34

Answer Stats

Country% Correct
Albania
100%
Austria
100%
Belgium
100%
Bulgaria
100%
Croatia
100%
Czech Republic
100%
Denmark
100%
England
100%
Finland
100%
France
100%
Germany
100%
Greece
100%
Hungary
100%
Iceland
100%
Ireland
100%
Italy
100%
Latvia
100%
Netherlands
100%
Poland
100%
Romania
100%
Russia
100%
Serbia
100%
Slovakia
100%
Slovenia
100%
Spain
100%
Sweden
100%
Switzerland
100%
Turkey
100%
Wales
100%
Northern Ireland
75%
Portugal
75%
Ukraine
75%
Norway
50%
Scotland
25%

Score Distribution

Percentile by Number Answered

Percent of People with Each Score

Your Score History

You have not taken this quiz since the last reset